Los derechos constitucionales de las personas en México y Jalisco : siglos XIX y XX /

Análisis de la evolución de los derechos políticos, en particular, y humanos o fundamentales, en general, en el marco constitucional de Jalisco y México, a lo largo de los siglos XIX y XX.

Zapisane w:
Opis bibliograficzny
1. autor: Covarrubias Dueñas, José de Jesús (autor)
Format: Książka
Język:hiszpański
Wydane: Guadalajara, México : Congreso del Estado de Jalisco, LVIII Legislatura, 2008, c2008
Hasła przedmiotowe:
Etykiety: Dodaj etykietę
Nie ma etykietki, Dołącz pierwszą etykiete!

MARC

LEADER 00000nam^a2200000^a^4500
001 000318682
005 20250521000000.0
009 20260310113419.832
025 |a Donación María del Mar Enríquez Domínguez, 1 ejemplar 
037 |a Acervo ITESO - Biblioteca 
041 |a ESP 
082 |a 342. 72085  |b COV 
100 |a Covarrubias Dueñas, José de Jesús  |e (autor) 
245 1 4 |a Los derechos constitucionales de las personas en México y Jalisco :  |b siglos XIX y XX /  |c J.J. Covarrubias Dueñas. 
264 4 |a Guadalajara, México :  |b Congreso del Estado de Jalisco, LVIII Legislatura,  |c 2008, c2008 
300 |a 343 p. 
336 |a texto  |b txt  |2 rdacontenido 
337 |a sin mediación  |b n  |2 rdamedio 
338 |a volumen  |b nc  |2 rdasoporte 
520 |a Análisis de la evolución de los derechos políticos, en particular, y humanos o fundamentales, en general, en el marco constitucional de Jalisco y México, a lo largo de los siglos XIX y XX. 
649 |a XX 
650 |a Derechos Políticos -  |z Jalisco 
650 |a Derechos Políticos -  |z México 
650 |a Derechos Humanos -  |z Jalisco 
650 |a Derechos Humanos -  |z México -  |x Tema Principal 
650 |a Derecho Constitucional -  |z Jalisco 
650 |a Derecho Constitucional -  |z México -  |x Tema Principal 
650 |a Derecho Público -  |z Jalisco 
650 |a Derecho Público -  |z México 
910 |a Fondo General 
920 |a Impresos - Libros 
930 |a Colección General 
905 |a 101 
901 |a 0500205603  |b IT1  |c ACC  |i D  |u 20250521 
902 |a https://opac.biblio.iteso.mx/vufind/Record/000318682